| 000 | 00543nam a22002057a 4500 | ||
|---|---|---|---|
| 999 |
_c3072 _d3072 |
||
| 003 | OSt | ||
| 005 | 20191105151605.0 | ||
| 008 | 160225b xxu||||| |||| 00| 0 eng d | ||
| 020 | _a0201178478 | ||
| 040 | _cDDC. | ||
| 082 | _a558WAT 1998. | ||
| 100 |
_aWaters, Donald _96827 |
||
| 245 | _aA practical Introduction to Management Science | ||
| 250 | _a2nd ed. | ||
| 260 |
_aEngland; _bFinancial Times, _c1998. |
||
| 300 |
_axii,572p; _bill; _c26cm. |
||
| 504 | _aincludes index. | ||
| 650 |
_aManagement science. _95289 |
||
| 942 |
_2ddc _cSLOAN |
||